| 000 | 01935cam a22003378i 4500 | ||
|---|---|---|---|
| 001 | 21021155 | ||
| 003 | OSt | ||
| 005 | 20230818143425.0 | ||
| 008 | 190615s2021 nju b 001 0 eng | ||
| 010 | _a 2019020719 | ||
| 020 | _a9789356060050 | ||
| 020 | _a9780135468890 | ||
| 020 |
_z9780135468920 _q(ebook) |
||
| 040 |
_aDLC _beng _erda _cDLC _dDLC |
||
| 042 | _apcc | ||
| 050 | 0 | 0 |
_aHD58.7 _b.R6 2021 |
| 082 | 0 | 0 |
_a658.3 _bROB/E |
| 100 |
_aRobbins, Stephen P _d1943- _eauthor. _91502 |
||
| 245 | 1 | 0 |
_aEssentials of organizational behavior / _cStephen P Robbins, Timothy A. Judge. |
| 250 | _a15 edition. | ||
| 263 | _a2101 | ||
| 264 | 1 |
_aNoida: _bPearson _c[2021] |
|
| 300 | _a436 pages | ||
| 336 |
_atext _btxt _2rdacontent |
||
| 504 | _aIncludes bibliographical references and index. | ||
| 520 |
_a"This book was created as an alternative to the 600- or 700-page comprehensive text in organizational behavior (OB). It attempts to provide balanced coverage of all the key elements comprising the discipline of OB in a style that readers will find both informative and interesting. We're pleased to say that this text has achieved a wide following in short courses and executive programs as well as in traditional courses as a companion volume to experiential, skill development, case, and readings books. It is currently used at more than 500 colleges and universities in the United States, Canada, Latin America, Europe, Australia, and Asia. It's also been translated into Spanish, Portuguese, Japanese, Chinese, Dutch, Polish, Turkish, Danish, and Bahasa Indonesian"-- _cProvided by publisher. |
||
| 650 | 0 | _aOrganizational behavior. | |
| 700 | 1 |
_aJudge, Tim _eauthor. _91589 |
|
| 776 | 0 | 8 |
_iOnline version: _aRobbins, Stephen P, _tEssentials of organizational behavior _b15 edition. _dHoboken, NJ : Pearson [2021] _z9780135468920 _w(DLC) 2019981062 |
| 942 |
_2ddc _cBK _h658.3 _iROB/E _k658.3 _mROB/E |
||
| 999 |
_c41924 _d41924 |
||